| 000 | 01993nam0a2200349 4500 | ||
|---|---|---|---|
| 001 | RU\NLR\BIBL_A\022584887 | ||
| 005 | 20260420050757.0 | ||
| 010 |
_a978-5-6052322-9-2 _9500 |
||
| 021 |
_aRU _bКН-П-25-025243 _9КН-П-25-2514 |
||
| 035 | _a(NLR Aleph) 022584887 | ||
| 090 |
_a13677909 _c13677909 |
||
| 100 | _a20250714d2025 u y0rusy50 ca | ||
| 101 | 0 | _arus | |
| 102 | _aRU | ||
| 105 | _aa z 000yy | ||
| 181 | 0 |
_ai3 _baxxe |
|
| 182 | 0 | _an | |
| 200 | 1 |
_aВыпускник - 2024 _eежегодное мониторинговое социологическое исследование _eаналитический сборник материалов анкетирования студентов выпускного курса бакалавриата АНО ВО "УМЦ" _fУниверситет мировых цивилизаций имени В. В. Жириновского _gсоставители: М. А. Булавина [и др.] _gпод общей редакцией профессора О. Н. Слободчикова |
|
| 203 |
_aТекст _bвизуальный _cнепосредственный |
||
| 210 |
_aМосква _cУМЦ _d2025 |
||
| 215 |
_a673 с. _cил. _d20 |
||
| 601 | 0 | 2 |
_aУниверситет мировых цивилизаций им. В. В. Жириновского _cМосква, город _xВыпускники _xСоциологические исследования _92679283 _3RU\NLR\AUTH\6601760712 |
| 686 | 1 | _aЧ489.114.48 | |
| 686 | 1 | _aС550.55 | |
| 702 | 1 |
_aБулавина _bМ. А. _gМария Александровна _4220 |
|
| 702 | 1 |
_aСлободчиков _bО. Н. _gОлег Николаевич _4340 |
|
| 711 | 0 | 2 |
_aУниверситет мировых цивилизаций им. В. В. Жириновского _cМосква _9842059 _3RU\NLR\AUTH\880588106 |
| 942 | _cBOOK | ||
| 980 | _aNB | ||